| 000 | 01412nab a2200265 a 4500 | ||
|---|---|---|---|
| 005 | 20251210064114.0 | ||
| 008 | 991125c2019 sp fr p o 000 0 spa d | ||
| 035 | _aUPN01000230681 | ||
| 040 |
_aMX-MxUPN _bspa _cMX-MxUPN _eaacr2 |
||
| 049 | _aART-E | ||
| 100 | 1 |
_aVila Carneiro, Zaida _6- Zaida.Vila@uclm.es |
|
| 245 | 1 | 0 |
_aEducación literaria y práctica lingüística en educación primaria a través de Mindfulness _h[recurso electrónico en línea] |
| 506 | 0 | _aAcceso abierto | |
| 520 | 3 | _aEl presente artículo aborda el potencial didáctico de mindfulness en Educación Primaria. Primeramente, se expondrán los numerosos beneficios que conlleva su práctica para, a continuación, centrarnos en el ámbito educativo. Posteriormente, se planteará una propuesta para llevar esta filosofía al aula de Lengua y literatura, de manera que se trabajen los contenidos del currículo a la vez que se mejora la atención y concentración del alumnado. | |
| 650 | 4 |
_aLiteratura _95741 |
|
| 650 | 4 |
_aEducación primaria _91552 |
|
| 653 | 0 | _aEducación literaria | |
| 653 | 0 | _aDidáctica de la lengua | |
| 653 | 0 | _aMindfulness | |
| 773 |
_gVol. 38, no. 1 (2019 ), p. 131-138 _tCampo abierto : revista de educación _x0213-9529 |
||
| 856 | 4 | 0 | _uhttps://mascvuex.unex.es/revistas/index.php/campoabierto/article/view/3153/2278 |
| 902 |
_aRGJD/070223 _bRGJD/070223 |
||
| 905 | _aArticulo | ||
| 942 | _cART-E | ||
| 999 |
_c202776 _d202776 |
||